| 000 | 00557pab a2200181 454500 | ||
|---|---|---|---|
| 008 | 180718b1998 xxu||||| |||| 00| 0 eng d | ||
| 100 | _aMishra, Anil Dutta | ||
| 245 | _aViolence against women in Indian society: a case of Madhya Pradesh | ||
| 260 | _c1998 | ||
| 300 | _ap.95-105 | ||
| 362 | _aJul-Dec | ||
| 650 | _aWomen - Crime against - India - Madhya Pradesh | ||
| 650 | _aViolence - India - Madhya Pradesh | ||
| 650 | _aWomen - India - Madhya Pradesh | ||
| 650 | _aWomen | ||
| 773 | _aMadhya Pradesh Journal of Social Sciences | ||
| 909 | _a41260 | ||
| 999 |
_c41260 _d41260 |
||